Born in the Bronx Quiz Stats

 Plays Quiz Updated Jun 21, 2015

Also try: Born in Brooklyn
Challenge
Share
Tweet
Score 0/20 Timer 06:00
5 Plays Today
% Correct
Jennifer Lopez
90.3%
Billy Joel
82.4%
Cuba Gooding Jr.
77.9%
Tracy Morgan
60.7%
James Caan
54.8%
Vanessa Williams
54.4%
Mary J. Blige
53.1%
Penny Marshall
43.4%
Rob Reiner
43.2%
Kerry Washington
42.2%
% Correct
Ed Koch
41.2%
Tony Curtis
41.1%
Judd Hirsch
39.1%
Lea Michele
36.2%
Jimmie Walker
34.6%
John Gotti
33.9%
Jerry Orbach
33.6%
Anne Bancroft
31.6%
Jake LaMotta
21.6%
Bobby Darin
15%

You're not logged in!

Compare scores with friends on all Sporcle quizzes.
Join for Free
OR
Log In

You Might Also Like...

Show Comments

Extras

Top Quizzes Today


Score Distribution

Your Account Isn't Verified!

In order to create a playlist on Sporcle, you need to verify the email address you used during registration. Go to your Sporcle Settings to finish the process.

Report this User

Report this user for behavior that violates our Community Guidelines.

Details: